[Event "Olympiad-44"]
[Site "Chennai"]
[Date "2022.07.29"]
[Round "1.2"]
[White "Djukic, Nikola"]
[Black "Amini, Habibullah"]
[Result "1-0"]
[WhiteElo "2526"]
[BlackElo "2035"]
[PlyCount "77"]
[EventDate "2022.07.29"]
[EventType "team-swiss"]
[EventRounds "11"]
[EventCountry "IND"]
[SourceTitle "CBM 210"]
[Source "ChessBase"]
[SourceDate "2022.10.31"]
[SourceVersion "1"]
[SourceVersionDate "2022.10.31"]
[SourceQuality "1"]
[WhiteTeam "Montenegro"]
[BlackTeam "Afghanistan"]
[WhiteTeamCountry "MNE"]
[BlackTeamCountry "AFG"]

1. e4 d6 2. d4 Nf6 3. Nc3 g6 4. Be3 Nbd7 5. h3 c6 6. a4 Qa5 7. Bd3 Bg7 8. Nf3 0-0 9. 0-0 e5 10. Qd2 Nh5 11. Rfd1 Nb6 12. dxe5 dxe5 13. Nb1 Qxd2 14. Nbxd2 Nf4 15. Bf1 Be6 16. Ng5 h6 17. Nxe6 Nxe6 18. a5 Nd7 19. Nb3 Rfd8 20. Bc4 Nd4 21. Bxd4 exd4 22. f4 Nf6 23. e5 Nh5 24. Rf1 Ng3 25. Rf3 Nf5 26. Bd3 Rac8 27. Nc5 b6 28. Nb7 Rd7 29. Bxf5 gxf5 30. Nd6 Rb8 31. Nxf5 Bf8 32. Rb3 c5 33. axb6 axb6 34. c4 Rdb7 35. Rb5 f6 36. e6 Re8 37. Re1 Kh7 38. Rb3 Kg6 39. g4 1-0

[Event "Olympiad-43"]
[Site "Batumi"]
[Date "2018.09.24"]
[Round "1.54"]
[White "Amini, Habibullah"]
[Black "Agopov, Mikael"]
[Result "0-1"]
[WhiteElo "1988"]
[BlackElo "2447"]
[PlyCount "100"]
[EventDate "2018.09.24"]
[EventType "team-swiss"]
[EventRounds "11"]
[EventCountry "GEO"]
[SourceTitle "CBM 187"]
[Source "ChessBase"]
[SourceDate "2018.12.11"]
[SourceVersion "1"]
[SourceVersionDate "2018.12.11"]
[SourceQuality "1"]
[WhiteTeam "Afghanistan"]
[BlackTeam "Finland"]
[WhiteTeamCountry "AFG"]
[BlackTeamCountry "FIN"]

1. d4 Nf6 2. Nf3 g6 3. Bf4 Bg7 4. e3 d6 5. h3 0-0 6. Be2 b6 7. 0-0 Bb7 8. c4 Nbd7 9. Nc3 Re8 10. Bh2 e5 11. dxe5 dxe5 12. Qc2 c6 13. Rad1 Qc7 14. Rd2 a5 15. Rfd1 Nc5 16. Rd6 Nfd7 17. R6d2 Bc8 18. Bg3 Nf8 19. Nd4 f5 20. Bf3 f4 21. Ndb5 cxb5 22. Nxb5 Qe7 23. Bxa8 fxg3 24. fxg3 Bf5 25. Bd5+ Kh8 26. e4 Bd7 27. Rf2 Bxb5 28. cxb5 Nfe6 29. Rdf1 Qg5 30. Kh2 Nd4 31. Qc4 Qe3 32. Bc6 Rc8 33. Qd5 h5 34. Qd6 Qg5 35. Rf8+ Rxf8 36. Rxf8+ Kh7 37. Rf7 Ne2 38. Qd1 Qxg3+ 39. Kh1 Nf4 40. Qf3 Qe1+ 41. Kh2 h4 42. Be8 Ncd3 43. Qg4 Kg8 44. Rc7 Nf2 45. Bf7+ Kh7 46. Qxh4+ Nh5 47. Bxg6+ Kxg6 48. Rc6+ Bf6 49. Rxf6+ Nxf6 50. Qg3+ N6g4+ 0-1

[Event "Asia-chT blitz 5th"]
[Site "Ashkhabad"]
[Date "2017.09.27"]
[Round "3.1"]
[White "Tologontegin, Semetey"]
[Black "Amini, Habibullah"]
[Result "1-0"]
[WhiteElo "2393"]
[BlackElo "1995"]
[PlyCount "59"]
[EventDate "2017.09.27"]
[EventType "team-swiss (blitz)"]
[EventRounds "5"]
[EventCountry "TKM"]
[SourceTitle "EXT 2018"]
[Source "ChessBase"]
[SourceDate "2017.10.13"]
[SourceVersion "1"]
[SourceVersionDate "2017.10.13"]
[SourceQuality "1"]
[WhiteTeam "Kyrgyzstan"]
[BlackTeam "Afghanistan"]
[WhiteTeamCountry "KGZ"]
[BlackTeamCountry "AFG"]

1. d4 Nf6 2. Nc3 g6 3. e4 d6 4. Be3 Bg7 5. h3 0-0 6. Qd2 Nc6 7. f4 Nh5 8. Nge2 Nf6 9. d5 Nb8 10. g4 c6 11. Bg2 cxd5 12. exd5 Nbd7 13. g5 Ne8 14. h4 Nc5 15. h5 Bf5 16. Nd4 Bg4 17. hxg6 hxg6 18. Rh4 Bh5 19. Bf3 Bxf3 20. Nxf3 f5 21. gxf6 exf6 22. 0-0-0 Nc7 23. Rg1 g5 24. fxg5 f5 25. Bd4 Qe7 26. Rgh1 Ne4 27. Nxe4 fxe4 28. g6 Rf6 29. Ng5 Rxg6 30. Rh8+ 1-0

[Event "Asian Indoor Games 5th"]
[Site "Ashkhabad"]
[Date "2017.09.23"]
[Round "6"]
[White "Amini, Habibullah"]
[Black "Kulpruethanon, Thanadon"]
[Result "1/2-1/2"]
[WhiteElo "1995"]
[BlackElo "2242"]
[PlyCount "138"]
[EventDate "2017.09.21"]
[EventType "swiss"]
[EventRounds "7"]
[EventCountry "TKM"]
[SourceTitle "CBM 180 Extra"]
[Source "ChessBase"]
[SourceDate "2017.10.06"]
[SourceVersion "1"]
[SourceVersionDate "2017.10.06"]
[SourceQuality "1"]

1. d4 e6 2. Nf3 f5 3. c4 Nf6 4. Nc3 Bb4 5. Bd2 b6 6. e3 Bb7 7. Be2 0-0 8. 0-0 Qe7 9. a3 Bxc3 10. Bxc3 d6 11. Rc1 Nbd7 12. Nd2 Ne4 13. Nxe4 Bxe4 14. d5 f4 15. f3 Bg6 16. dxe6 Qxe6 17. e4 Ne5 18. Qd2 Be8 19. Bxe5 Qxe5 20. Qd5+ Bf7 21. Qd2 a5 22. Rfd1 a4 23. Qd4 Qxd4+ 24. Rxd4 Ra5 25. Kf2 Be6 26. g3 Rh5 27. Kg2 Rc5 28. Rcd1 g5 29. g4 Kg7 30. R1d2 Kf6 31. Bf1 Ra8 32. Kg1 Raa5 33. Be2 Rc6 34. Kg2 Rcc5 35. Kg1 Ra8 36. h3 Rca5 37. Bf1 h5 38. Kf2 Rc5 39. Kg1 Raa5 40. Kf2 Bd7 41. Rd5 Rxd5 42. cxd5 hxg4 43. hxg4 Rc5 44. Be2 Ke5 45. Bf1 Bb5 46. Bxb5 Rxb5 47. Ke2 Rb3 48. Kf2 Rb5 49. Ke2 Rc5 50. Kf2 Kf6 51. Ke1 Rc1+ 52. Kf2 b5 53. Ke2 Ke5 54. Kf2 Rc5 55. Ke2 Rc4 56. Kf2 Rc1 57. Kg2 Kf6 58. Kf2 Ke7 59. Ke2 Rh1 60. Rc2 Kd7 61. Kd2 Kc8 62. Rc3 Rh2+ 63. Kc1 Kb7 64. Kb1 Rf2 65. Kc1 Kb6 66. Kb1 Re2 67. Kc1 Rf2 68. Kb1 Re2 69. Kc1 Rf2 1/2-1/2

[Event "Asian Indoor Games 5th"]
[Site "Ashkhabad"]
[Date "2017.09.22"]
[Round "3"]
[White "Amini, Habibullah"]
[Black "Ip, Seng Tou"]
[Result "1-0"]
[WhiteElo "1995"]
[BlackElo "1740"]
[PlyCount "67"]
[EventDate "2017.09.21"]
[EventType "swiss"]
[EventRounds "7"]
[EventCountry "TKM"]
[SourceTitle "CBM 180 Extra"]
[Source "ChessBase"]
[SourceDate "2017.10.06"]
[SourceVersion "1"]
[SourceVersionDate "2017.10.06"]
[SourceQuality "1"]

1. d4 d5 2. Nf3 Nf6 3. e3 e6 4. Bd3 c5 5. c3 Bd6 6. 0-0 0-0 7. Nbd2 Nbd7 8. e4 dxe4 9. Nxe4 Nxe4 10. Bxe4 Nf6 11. Bg5 h6 12. Bxf6 Qxf6 13. dxc5 Bxc5 14. Qb3 Qf4 15. Rfe1 Qc7 16. Rad1 Rb8 17. Bb1 Bd7 18. Qc2 g6 19. Ne5 Bc6 20. b4 Bb6 21. c4 a6 22. a4 Rfd8 23. c5 Rxd1 24. Qxd1 Rd8 25. Qc1 Ba7 26. a5 Bb8 27. g3 Kg7 28. Qc3 Kh7 29. Ng4 h5 30. Nf6+ Kh6 31. Qe3+ Kg7 32. Qg5 Bf3 33. Be4 Rd1 34. Rxd1 1-0

[Event "Asia Cup"]
[Site "Abu Dhabi"]
[Date "2016.03.28"]
[Round "1.4"]
[White "Amini, Habibullah"]
[Black "Nguyen, Anh Khoi"]
[Result "0-1"]
[WhiteElo "1995"]
[BlackElo "2412"]
[PlyCount "49"]
[EventDate "2016.03.28"]
[EventType "team-swiss"]
[EventRounds "9"]
[EventCountry "UAE"]
[SourceTitle "CBM 171 Extra"]
[Source "ChessBase"]
[SourceDate "2016.04.26"]
[SourceVersion "1"]
[SourceVersionDate "2016.04.26"]
[SourceQuality "1"]
[WhiteTeam "Afghanistan"]
[BlackTeam "Vietnam"]
[WhiteTeamCountry "AFG"]
[BlackTeamCountry "VIE"]

1. d4 Nf6 2. Nf3 c5 3. e3 e6 4. b3 d5 5. Bb2 Bd6 6. Bd3 0-0 7. Nbd2 Nc6 8. 0-0 b6 9. a3 Bb7 10. Ne5 Qc7 11. f4 Ne7 12. Rc1 Ne4 13. c4 Nf5 14. Qe2 Qe7 15. cxd5 exd5 16. Nxe4 dxe4 17. Bc4 cxd4 18. exd4 Bxa3 19. Bxa3 Qxa3 20. Nxf7 b5 21. Nh6+ Kh8 22. Nf7+ Kg8 23. Nh6+ Kh8 24. Nf7+ Kg8 25. Nh6+ 0-1

[Event "Asia Cities-ch 19th"]
[Site "Kalutara "]
[Date "2015.07.25"]
[Round "6"]
[White "Amini, Habibullah"]
[Black "Doluweera, Minul Sanjula"]
[Result "1/2-1/2"]
[WhiteElo "1906"]
[BlackElo "2042"]
[PlyCount "57"]
[EventDate "2015.07.22"]
[EventType "team-tourn"]
[EventRounds "9"]
[EventCountry "SRI"]
[SourceTitle "EXT 2020"]
[Source "ChessBase"]
[SourceDate "2019.10.17"]
[SourceVersion "1"]
[SourceVersionDate "2019.10.17"]
[SourceQuality "1"]
[WhiteTeam "Kabul"]
[BlackTeam "Kandy"]
[WhiteTeamCountry "AFG"]
[BlackTeamCountry "SRI"]

1. f4 c5 2. Nf3 Nc6 3. e3 g6 4. d4 Bg7 5. d5 Nb8 6. e4 d6 7. h3 Nf6 8. Bb5+ Bd7 9. Bxd7+ Qxd7 10. Qe2 0-0 11. 0-0 e6 12. c4 exd5 13. exd5 Na6 14. a3 b5 15. cxb5 Nc7 16. Nc3 Rab8 17. a4 Nfxd5 18. Bd2 Rfe8 19. Qc4 Nb6 20. Qd3 d5 21. Ne5 Bxe5 22. fxe5 Rbd8 23. Bg5 Rc8 24. Bf6 Re6 25. Rad1 d4 26. Ne4 Ne8 27. Ng5 Nxf6 28. Nxe6 Ne4 29. Ng5 1/2-1/2

[Event "Asia Cities-ch 19th"]
[Site "Kalutara "]
[Date "2015.07.23"]
[Round "3"]
[White "Amini, Habibullah"]
[Black "Liu, Yeh Yang"]
[Result "0-1"]
[WhiteElo "1906"]
[BlackElo "1945"]
[PlyCount "120"]
[EventDate "2015.07.22"]
[EventType "team-tourn"]
[EventRounds "9"]
[EventCountry "SRI"]
[SourceTitle "EXT 2020"]
[Source "ChessBase"]
[SourceDate "2019.10.17"]
[SourceVersion "1"]
[SourceVersionDate "2019.10.17"]
[SourceQuality "1"]
[WhiteTeam "Kabul"]
[BlackTeam "Taiwan"]
[WhiteTeamCountry "AFG"]
[BlackTeamCountry "TPE"]

1. f4 c5 2. e4 Nc6 3. Nf3 d5 4. exd5 Qxd5 5. Nc3 Qd8 6. Bb5 Bd7 7. d3 a6 8. Ba4 Nf6 9. 0-0 e6 10. Bb3 Be7 11. Ne5 0-0 12. Nxd7 Qxd7 13. Be3 Nd4 14. h3 Rad8 15. Ne2 Nxb3 16. axb3 Nd5 17. Bd2 Bf6 18. Qc1 Rfe8 19. Nc3 Nxc3 20. Bxc3 Bd4+ 21. Kh1 Qc6 22. Qd2 Rd5 23. Qe2 Rc8 24. Qf3 b5 25. Ra5 Rd6 26. Qxc6 Rcxc6 27. Ra2 Kf8 28. Bd2 g6 29. g3 Ke8 30. Kg2 Kd7 31. Re1 Kc8 32. Re2 Kb7 33. b4 c4 34. dxc4 Rxc4 35. c3 Bb6 36. Ra1 Rd3 37. Rf1 Rc7 38. Rf3 Rcd7 39. Rxd3 Rxd3 40. Be1 Kc6 41. Kf1 Kd5 42. b3 Be3 43. Rc2 Ke4 44. Ke2 g5 45. fxg5 Bxg5 46. c4 Re3+ 47. Kf2 Rxb3 48. c5 Bd8 49. Rd2 Bc7 50. Re2+ Kd5 51. Kg2 Ra3 52. h4 a5 53. bxa5 Bxa5 54. Bf2 Bc3 55. Rc2 b4 56. Kf3 Bd4+ 57. Ke2 Bxf2 58. Kxf2 b3 59. Rc1 b2 60. Rb1 Rb3 0-1